العدالة و المجتمع المدني حالة مصر/ (Record no. 12769)

MARC details
000 -الفاتح
حقل البيانات ثابتة الطول 01387nam a22002177a 4500
008 - عناصر البيانات ثابتة الطول - معلومات عامة
حقل البيانات ثابتة الطول 090909s au||||| |||| 00| 0 ara d
020 ## - الرقم الدولى المعيارى للكتب
الرقم الدولى المعيارى للكتاب 9771737899
082 ## - رقم تصنيف ديوى العشرى
رقم الطبعة 22
رقم التصنيف 212.2962
رقم المادة ه ا ش
100 ## - المدخل الرئيسى - إسم شخصى
9 (RLIN) 8764
الإسم الشخصى هاشم ، صلاح
245 ## - بيان العنوان
العنوان العدالة و المجتمع المدني حالة مصر/
بيان المسئوليه,etc صلاح هاشم
260 ## - PUBLICATION, DISTRIBUTION, ETC. (IMPRINT)
مكان الناشر او الموزع القاهرة:
اسم الناشر او الموزع الهيئة العامة لقصور الثقافة،
تاريخ النشر أو التوزيع 2006
300 ## - الوصف المادى
التعداد 232 ص؛
أبعاد الوعاء 19 سم
490 ## - بيان السلسلة
عنوان السلسلة الاصدارات الخاصة
504 ## - تبصرة ببليوجرافية
تبصرة ببليوجرافية,الخ تحتوي على ببليوجرافية من ص 221-224
650 ## - المدخل الاضافى بالموضوع-مصطلح موضوعى
9 (RLIN) 8765
مصطلح موضوعي أو اسم جغرافي كعنصر مدخل العدالة الاجتماعية
التقسيم الفرعي الجغرافي مصر
942 ## - عناصر المدخل الإضافي( كوها)
مصدر التصنيف او مخطط الترفيف Dewey Decimal Classification
Koha [default] item type Book - Borrowing
Holdings
حالة التراجع حالة الفقد مصدر التصنيف او خطة الترفيف تحديد مواد ( مجلدات مجمعه أو جزء أخر) حالة تلف ليس للاعارة مجموعات كوها المكان الدائم المكان الحالي موقع الترفيف تاريخ الاكتساب Source of acquisition رقم الاستدعاء الباركود Date last seen مُعار نوع الوعاء
  Lost Dewey Decimal Classification Lost In Inventory_2015-8-23     Alef-Baa Central Library Central Library Lower Floor 09/09/2009   212.2962 هاش 000018285 01/07/2011 17/01/2011 Book - Borrowing
    Dewey Decimal Classification       Alef-Baa Central Library Central Library Lower Floor 09/09/2009   212.2962 هاش 000018284 15/07/2025   NB - Book (Non borrowing)
    Dewey Decimal Classification       Alef-Baa Central Library Central Library Lower Floor 09/09/2009   212.2962 هاش 000018283 15/07/2025   NB - Book (Non borrowing)
    Dewey Decimal Classification         Central Library Central Library Lower Floor 14/06/2010 Donation 212.2962 هاش 000020993 15/07/2025   Book - Borrowing